Matematický aparát v ekonomickej analýze bakalárska práca

Saved in:
Bibliographic Details
Main Author: Ivaničová, Petronela
Corporate Author: Fakulta hospodárskej informatiky EU. Katedra matematiky a aktuárstva
Other Authors: Kotlárová, Alena
Format: Book
Language:Slovak
Published: Bratislava 2015
Tags: Add Tag
No Tags, Be the first to tag this record!

MARC

LEADER 00000nbm a2200000 4500
001 0204190
005 20161212115145.5
041 0 |a slo 
044 |a SK 
245 1 0 |a Matematický aparát v ekonomickej analýze  |b bakalárska práca  |c Petronela Ivaničová ; školiteľ: Alena Kotlárová 
264 1 |a Bratislava  |c 2015 
300 |a 47 s. 
100 1 |a Ivaničová, Petronela 
700 1 |a Kotlárová, Alena 
710 2 |a Fakulta hospodárskej informatiky EU. Katedra matematiky a aktuárstva